|
|
|
|
| LEADER |
01245nam a22003017a 4500 |
| 001 |
41134 |
| 003 |
BD-DhAAL |
| 008 |
230503t1984 nyu||||| b||| 001 0 eng d |
| 020 |
|
|
|a 0393018350
|
| 020 |
|
|
|a 0393301761
|
| 040 |
|
|
|a BD-DhAAL
|c BD-DhAAL
|
| 082 |
|
|
|a 338.9
|2 23
|
| 245 |
|
|
|a State of the world 1984 :
|b a Worldwatch Institute report on progress toward a sustainable society /
|c project director, Lester R. Brown ; editor, Linda Starke.
|
| 260 |
|
|
|a New York :
|a London :
|b Norton,
|c c1984.
|
| 300 |
|
|
|a xvii, 252 pages :
|b illustrations ;
|c 23 cm.
|
| 504 |
|
|
|a Includes bibliographical references and index.
|
| 541 |
|
|
|a Donated By Akbar Ali Khan
|e 41134
|
| 650 |
|
|
|a Economic history
|y 1971-
|9 54108
|
| 650 |
|
|
|a Economic conditions.
|
| 650 |
|
|
|a Economic history
|y 20th century.
|9 47363
|
| 650 |
|
|
|a Economic policy.
|
| 700 |
|
|
|a Brown, Lester R.
|q (Lester Russell),
|d 1934-
|9 54107
|
| 700 |
|
|
|a Starke, Linda.
|9 21234
|
| 710 |
|
|
|a Worldwatch Institute.
|
| 852 |
|
|
|a Ayesha Abed Library
|c Akbar Ali Khan Collection
|
| 942 |
|
|
|2 ddc
|c BK
|
| 999 |
|
|
|c 45703
|d 45703
|
| 952 |
|
|
|0 0
|1 0
|2 ddc
|4 0
|6 338_900000000000000_STA
|7 1
|9 73587
|a BRACUL
|b BRACUL
|c AAKC
|d 2023-05-03
|e Donated By Akbar Ali Khan
|l 0
|o 338.9 STA
|p 3010041134
|r 2023-05-03
|t 1
|w 2023-05-03
|y BK
|